书目信息 |
| 题名: |
黑奴吁天录
|
|
| 作者: | 斯托 , 斯土活 , Stowe 著 ;林纾 , 魏易 译 | |
| 分册: | ||
| 出版信息: | 北京 商务印书馆 1981 |
|
| 页数: | 206页 | |
| 开本: | 19cm | |
| 丛书名: | 林译小说丛书 | |
| 单 册: | ||
| 中图分类: | I712.4 | |
| 科图分类: | ||
| 主题词: | 长篇小说--美国--近代 , 文学 | |
| 电子资源: | ||
| ISBN: | ||
| 000 | 00958nam2 2200349 45 | |
| 001 | 0181003129 | |
| 005 | 20070731112051.70 | |
| 010 | @dCNY1.05 | |
| 091 | @a10017.1 | |
| 100 | @a19950622d1981 em y0chiy0121 ea | |
| 101 | 1 | @achi@ceng |
| 102 | @aCN@b110000 | |
| 105 | @ay z 000ay | |
| 200 | 10 | @a黑奴吁天录@Ahei nu yu tian lu@f(美)斯土活著@F(Mei)Si Tu Huo Zhu@g林纾, 魏易译 |
| 210 | @a北京@c商务印书馆@d1981 | |
| 215 | @a206页@d19cm | |
| 225 | 2 | @a林译小说丛书 |
| 300 | @a书名原文: Uncle Tom's Cabin | |
| 304 | @a著者通译:斯托 | |
| 410 | 0 | @120010@a林译小说丛书 |
| 510 | 1 | @aUncle Tom's Cabin@zeng |
| 606 | @a长篇小说@y美国@z近代 | |
| 606 | 0 | @a文学 |
| 690 | @aI712.4 | |
| 701 | 1 | @a斯托@Asi tuo@4著 |
| 701 | 0 | @a斯土活@4著 |
| 701 | A1 | @aStowe@bH.W.B.@4著 |
| 702 | 0 | @a林纾@Alin shu@4译 |
| 702 | 0 | @a魏易@Awei yi@4译 |
| 801 | 2 | @aCN@bNLC@c20070731 |
| 801 | 0 | @aCN@b上海图书馆@c20040406 |
| 905 | @f4@b60014-017@dI712.4@e1 | |
| 黑奴吁天录/(美)斯土活著/林纾, 魏易译.-北京:商务印书馆,1981 |
| 206页;19cm.-(林译小说丛书) |
| 书名原文: Uncle Tom's Cabin |
| ISBN :CNY1.05 |
| ● |
| 相关链接 |
|
|
|
|
正题名:黑奴吁天录
索取号:I712.4/1
 
预约/预借
| 序号 | 登录号 | 条形码 | 馆藏地/架位号 | 状态 | 备注 |
| 1 | 0060014 | 000129408 | 第二借阅区/ [索取号:I712.4/1] | 在馆 | |
| 2 | 0060015 | 000129346 | 密集书库/ [索取号:I712.4/1] | 在馆 | |
| 3 | 0060016 | 000129337 | 密集书库/ [索取号:I712.4/1] | 在馆 | |
| 4 | 0060017 | 000129391 | 密集书库/ [索取号:I712.4/1] | 在馆 | |
| 5 | 0786445 | 207864453 | 密集书库/ [索取号:I712.4/1] | 在馆 |